|
|
|
|
| LEADER |
00000cam a22000004a 4500 |
| 001 |
musev2_5001 |
| 003 |
MdBmJHUP |
| 005 |
20230905040612.0 |
| 006 |
m o d |
| 007 |
cr||||||||nn|n |
| 008 |
050105s2006 nyu o 00 0 eng d |
| 010 |
|
|
|z 2005000072
|
| 020 |
|
|
|a 9780791482537
|
| 020 |
|
|
|z 0791466175
|
| 020 |
|
|
|z 9780791466179
|
| 035 |
|
|
|a (OCoLC)461443073
|
| 040 |
|
|
|a MdBmJHUP
|c MdBmJHUP
|
| 043 |
|
|
|a n-us---
|
| 050 |
0 |
4 |
|a HV6432
|b .W56 2006
|
| 082 |
0 |
|
|a 303.6/25/0973
|2 22
|
| 100 |
1 |
|
|a Winkler, Carol.
|
| 245 |
1 |
0 |
|a In the Name of Terrorism :
|b Presidents on Political Violence in the Post-World War II Era /
|c Carol K. Winkler.
|
| 264 |
|
1 |
|a Albany :
|b State University of New York Press,
|c 2006.
|
| 264 |
|
3 |
|a Baltimore, Md. :
|b Project MUSE,
|c 2012
|
| 264 |
|
4 |
|c ©2006.
|
| 300 |
|
|
|a 1 online resource (270 pages).
|
| 336 |
|
|
|a text
|b txt
|2 rdacontent
|
| 337 |
|
|
|a computer
|b c
|2 rdamedia
|
| 338 |
|
|
|a online resource
|b cr
|2 rdacarrier
|
| 504 |
|
|
|a Includes bibliographical references (p. 217-249) and index.
|
| 505 |
0 |
|
|a What's in a name? -- The Vietnam War and the communist terrorists -- The Iranian hostage crisis : an American tragedy -- Origins of terrorism as an American ideograph : the Reagan era -- The Persian Gulf conflict of 1991 : the Cold War narrative in the post Cold War era -- Terrorism and the Clinton era : a prophetic moment -- America under attack : George W. Bush and non-citizen actors -- Terrorism and the American culture.
|
| 588 |
|
|
|a Description based on print version record.
|
| 650 |
|
0 |
|a Ideology
|z United States.
|
| 650 |
|
0 |
|a Presidents
|z United States
|x Language.
|
| 650 |
|
0 |
|a Rhetoric
|x Political aspects
|z United States.
|
| 650 |
|
0 |
|a Political oratory
|z United States.
|
| 650 |
|
0 |
|a Terrorism
|x Government policy
|z United States.
|
| 655 |
|
7 |
|a Electronic books.
|2 local
|
| 710 |
2 |
|
|a Project Muse.
|e distributor
|
| 830 |
|
0 |
|a Book collections on Project MUSE.
|
| 856 |
4 |
0 |
|z Texto completo
|u https://projectmuse.uam.elogim.com/book/5001/
|
| 945 |
|
|
|a Project MUSE - Custom Collection
|
| 945 |
|
|
|a Project MUSE - Archive Complete Foundation
|
| 945 |
|
|
|a Project MUSE - Archive Political Science and Policy Studies Foundation
|